[Event "Reykjavik op"]
[Site "Reykjavik"]
[Date "2025.04.12"]
[Round "5"]
[White "Petersen, Marcel"]
[Black "Levin, Anthony"]
[Result "1-0"]
[WhiteElo "2185"]
[BlackElo "2016"]
[PlyCount "75"]
[EventDate "2025.04.09"]
[EventType "swiss"]
[EventRounds "9"]
[EventCountry "ISL"]
[SourceTitle "CB17_2025"]
[SourceDate "2025.04.23"]
[SourceVersion "1"]
[SourceVersionDate "2025.04.23"]
[SourceQuality "1"]

1. e4 e5 2. Nf3 Nf6 3. Nc3 Bb4 4. Nxe5 0-0 5. Nd3 Bxc3 6. dxc3 Nxe4 7. Be3 Re8 8. Qe2 d5 9. 0-0-0 Nd6 10. Qf3 c6 11. g4 Nd7 12. h3 Qa5 13. Kb1 Nc4 14. Bc1 Nf6 15. Nf4 b5 16. Bd3 Bb7 17. Rhe1 Qb6 18. g5 Nd7 19. Nh5 Nf8 20. b3 Ne5 21. Rxe5 Rxe5 22. Nxg7 c5 23. Nh5 c4 24. Nf6+ Kg7 25. Bxh7 Nxh7 26. Qh5 Nxg5 27. Bxg5 Rh8 28. Qg4 Qe6 29. Bh6+ Kxh6 30. Qh4+ Kg7 31. Rg1+ Kf8 32. Qxh8+ Ke7 33. Rg8 Bc6 34. Rc8 Re1+ 35. Kb2 Bd7 36. Qd8+ Kd6 37. Qc7+ Ke7 38. Ng8# 1-0

[Event "Reykjavik op"]
[Site "Reykjavik"]
[Date "2025.04.10"]
[Round "2"]
[White "Niermann, Tristan"]
[Black "Petersen, Marcel"]
[Result "0-1"]
[WhiteElo "2427"]
[BlackElo "2185"]
[PlyCount "104"]
[EventDate "2025.04.09"]
[EventType "swiss"]
[EventRounds "9"]
[EventCountry "ISL"]
[SourceTitle "CB17_2025"]
[SourceDate "2025.04.23"]
[SourceVersion "1"]
[SourceVersionDate "2025.04.23"]
[SourceQuality "1"]

1. c4 e6 2. g3 d5 3. Bg2 d4 4. Nf3 c5 5. e3 Nc6 6. d3 Nf6 7. exd4 cxd4 8. 0-0 Bd6 9. Bg5 h6 10. Bxf6 Qxf6 11. Nbd2 Qe7 12. Re1 0-0 13. Nb3 Qd8 14. Nbxd4 Nxd4 15. Nxd4 Bxg3 16. hxg3 Qxd4 17. b3 Rd8 18. Qh5 Rb8 19. Rad1 Bd7 20. Re4 Qb2 21. Rde1 Be8 22. Qa5 Rxd3 23. Qxa7 Rbd8 24. R4e2 Rd2 25. Rxd2 Qxd2 26. Qe3 Qxe3 27. fxe3 b6 28. Kf2 Rd2+ 29. Re2 Rd1 30. Rc2 Kf8 31. Ke2 Rg1 32. Kf2 Ra1 33. Rd2 Ke7 34. Bf3 f6 35. Bd1 Bg6 36. g4 Be4 37. Kg3 f5 38. Kf4 Kf6 39. gxf5 Bxf5 40. e4 g5+ 41. Ke3 Bg6 42. Kd4 h5 43. e5+ Ke7 44. Bf3 g4 45. Bc6 Re1 46. b4 g3 47. b5 h4 48. a4 h3 49. a5 Be4 50. Kc3 g2 51. Rd7+ Kf8 52. axb6 g1Q 0-1

[Event "Reykjavik op"]
[Site "Reykjavik"]
[Date "2025.04.09"]
[Round "1"]
[White "Petersen, Marcel"]
[Black "Zhang, Ruijia"]
[Result "1-0"]
[WhiteElo "2185"]
[BlackElo "1973"]
[PlyCount "67"]
[EventDate "2025.04.09"]
[EventType "swiss"]
[EventRounds "9"]
[EventCountry "ISL"]
[SourceTitle "CB17_2025"]
[SourceDate "2025.04.23"]
[SourceVersion "1"]
[SourceVersionDate "2025.04.23"]
[SourceQuality "1"]

1. e4 e6 2. d4 d5 3. Nd2 c5 4. Ngf3 cxd4 5. Nxd4 Nc6 6. Bb5 Bd7 7. Nxc6 bxc6 8. Bd3 Bd6 9. Qe2 Qc7 10. Nf3 f6 11. c4 Ne7 12. 0-0 0-0 13. h3 dxe4 14. Qxe4 Ng6 15. Re1 f5 16. Qe2 Nf4 17. Bxf4 Bxf4 18. c5 Rae8 19. Bc4 Rf6 20. Rad1 Kf8 21. Ne5 Bxe5 22. Qxe5 Qxe5 23. Rxe5 Ke7 24. f4 h6 25. Re3 g5 26. fxg5 hxg5 27. Rb3 Bc8 28. Rb8 e5 29. Ra8 a6 30. Ra7+ Kf8 31. Rd6 Rxd6 32. Rf7+ Kg8 33. cxd6 Be6 34. Re7 1-0

[Event "Berlin Radtke Memorial"]
[Site "Berlin"]
[Date "2024.10.27"]
[Round "9"]
[White "Petersen, Marcel"]
[Black "Bui, Bao Anh Le"]
[Result "1-0"]
[WhiteElo "2147"]
[BlackElo "2221"]
[PlyCount "91"]
[EventDate "2024.10.21"]
[EventType "swiss"]
[EventRounds "9"]
[EventCountry "GER"]
[SourceTitle "CB44_2024"]
[Source "Chessbase"]
[SourceDate "2024.10.30"]
[SourceVersion "1"]
[SourceVersionDate "2024.10.30"]
[SourceQuality "1"]

1. e4 c5 2. Nf3 e6 3. g3 Nc6 4. Bg2 Nf6 5. Qe2 e5 6. 0-0 Be7 7. c3 0-0 8. Rd1 d5 9. exd5 Qxd5 10. d3 Rd8 11. Na3 e4 12. Ne1 Bf5 13. Bf4 exd3 14. Qe3 Qe6 15. Qxe6 fxe6 16. Bxc6 bxc6 17. Nc4 Nh5 18. Be5 Rd5 19. f4 Bg6 20. Rd2 Nf6 21. Ne3 Rd7 22. Rad1 Rad8 23. Bxf6 Bxf6 24. Kf2 Be4 25. Nc4 Bf5 26. Ke3 Bg4 27. Nf3 e5 28. Ncxe5 Bxe5 29. Nxe5 Bxd1 30. Nxd7 Rxd7 31. Rxd1 c4 32. b3 Re7+ 33. Kd4 cxb3 34. axb3 Rd7+ 35. Ke3 c5 36. Rxd3 Rb7 37. c4 Kf7 38. Kd2 Ke6 39. Kc3 h5 40. Rd5 g6 41. Rxc5 Kf6 42. b4 Re7 43. Rd5 Re2 44. Rd2 Re7 45. c5 Kf5 46. Rd5+ 1-0

[Event "Berlin Radtke Memorial"]
[Site "Berlin"]
[Date "2024.10.26"]
[Round "8"]
[White "Fizer, Marek"]
[Black "Petersen, Marcel"]
[Result "0-1"]
[WhiteElo "2221"]
[BlackElo "2147"]
[PlyCount "84"]
[EventDate "2024.10.21"]
[EventType "swiss"]
[EventRounds "9"]
[EventCountry "GER"]
[SourceTitle "CB44_2024"]
[Source "Chessbase"]
[SourceDate "2024.10.30"]
[SourceVersion "1"]
[SourceVersionDate "2024.10.30"]
[SourceQuality "1"]

1. e4 e5 2. Nf3 Nc6 3. Bb5 a6 4. Ba4 g6 5. d4 b5 6. Bb3 exd4 7. a4 b4 8. Nxd4 Na5 9. Ba2 Bg7 10. 0-0 Ne7 11. Qd3 d6 12. Nd2 0-0 13. Nc4 Nxc4 14. Bxc4 Bb7 15. Bg5 h6 16. Bh4 c5 17. Nf3 g5 18. Bg3 d5 19. exd5 Nxd5 20. Qf5 Qc8 21. Qxc8 Raxc8 22. Rad1 Nb6 23. Ba2 Bxb2 24. a5 Na4 25. Rd6 Bxf3 26. gxf3 c4 27. Rxh6 Nc3 28. Bb1 b3 29. cxb3 Nxb1 30. Rxb1 c3 31. Be5 f6 32. Bxc3 Bxc3 33. h4 Rc5 34. b4 Bxb4 35. hxg5 Rxg5+ 36. Kf1 Rb5 37. Ke2 Bxa5 38. Rg1+ Kf7 39. Rh7+ Ke6 40. Ra7 Rb2+ 41. Kd3 Rd8+ 42. Kc4 Rb4+ 0-1

[Event "Berlin Radtke Memorial"]
[Site "Berlin"]
[Date "2024.10.25"]
[Round "7"]
[White "Petersen, Marcel"]
[Black "Knuedel, Torben"]
[Result "1/2-1/2"]
[WhiteElo "2147"]
[BlackElo "2272"]
[PlyCount "83"]
[EventDate "2024.10.21"]
[EventType "swiss"]
[EventRounds "9"]
[EventCountry "GER"]
[SourceTitle "CB44_2024"]
[Source "Chessbase"]
[SourceDate "2024.10.30"]
[SourceVersion "1"]
[SourceVersionDate "2024.10.30"]
[SourceQuality "1"]

1. e4 c5 2. Nf3 g6 3. d4 cxd4 4. Nxd4 Bg7 5. Nc3 Nc6 6. Be3 Nf6 7. Be2 0-0 8. Qd2 d6 9. h3 Nxd4 10. Bxd4 Qa5 11. Bxf6 Bxf6 12. Nd5 Qxd2+ 13. Kxd2 Kg7 14. Nxf6 Kxf6 15. c4 Be6 16. b3 Rfc8 17. a4 a5 18. f4 Rc5 19. Ke3 Bd7 20. g4 Bc6 21. Rhd1 h6 22. h4 g5 23. fxg5+ hxg5 24. h5 Re5 25. Bf3 Kg7 26. Rd4 Rh8 27. Rf1 Rh6 28. Bg2 Bd7 29. Kf3 Bc6 30. Ke3 Bd7 31. Bh3 f5 32. gxf5 Be8 33. Bg4 Bxh5 34. f6+ exf6 35. Bf5 Bg6 36. Bxg6 Rxg6 37. Rxd6 Re7 38. Rd5 Rh6 39. Rxa5 Rh4 40. e5 Rh3+ 41. Ke4 fxe5 42. Rxe5 1/2-1/2

[Event "Berlin Radtke Memorial"]
[Site "Berlin"]
[Date "2024.10.23"]
[Round "4"]
[White "Prazak, Daniel"]
[Black "Petersen, Marcel"]
[Result "1-0"]
[WhiteElo "2290"]
[BlackElo "2147"]
[PlyCount "113"]
[EventDate "2024.10.21"]
[EventType "swiss"]
[EventRounds "9"]
[EventCountry "GER"]
[SourceTitle "CB44_2024"]
[Source "Chessbase"]
[SourceDate "2024.10.30"]
[SourceVersion "1"]
[SourceVersionDate "2024.10.30"]
[SourceQuality "1"]

1. e4 e5 2. Nf3 Nc6 3. Bc4 Bc5 4. c3 Nf6 5. d4 exd4 6. e5 d5 7. Bb5 Ne4 8. cxd4 Bb4+ 9. Bd2 Bxd2+ 10. Nbxd2 0-0 11. Bxc6 bxc6 12. 0-0 f6 13. Re1 Bf5 14. Rc1 Nxd2 15. Nxd2 fxe5 16. dxe5 Rb8 17. b3 Qe8 18. Nf1 Rb6 19. Qd2 Qg6 20. Rc3 Re8 21. f4 Rf8 22. Ng3 h5 23. Ne2 h4 24. Nd4 Be4 25. Rf1 a5 26. a3 Bf5 27. Qe3 Bc8 28. e6 c5 29. Rxc5 Bxe6 30. Rxc7 Bf5 31. Nf3 h3 32. g3 Re8 33. Qd4 Rxb3 34. Qxd5+ Be6 35. Qg5 Qxg5 36. Nxg5 Bg4 37. f5 Rb6 38. Ne6 Bxf5 39. Nxg7 Bd3 40. Nxe8 Bxf1 41. Kxf1 Kf8 42. Ng7 Rb1+ 43. Kf2 Rb2+ 44. Kf3 Rxh2 45. Ne6+ Ke8 46. Nf4 Ra2 47. Nxh3 Rxa3+ 48. Kg4 Ra1 49. Nf4 a4 50. Kf5 a3 51. Ra7 a2 52. g4 Kf8 53. g5 Ke8 54. g6 Kd8 55. g7 Rg1 56. Rxa2 Rxg7 57. Ne6+ 1-0

[Event "Berlin Radtke Memorial"]
[Site "Berlin"]
[Date "2024.10.22"]
[Round "3"]
[White "Petersen, Marcel"]
[Black "Polster, Christian"]
[Result "1/2-1/2"]
[WhiteElo "2147"]
[BlackElo "2265"]
[PlyCount "176"]
[EventDate "2024.10.21"]
[EventType "swiss"]
[EventRounds "9"]
[EventCountry "GER"]
[SourceTitle "CB44_2024"]
[Source "Chessbase"]
[SourceDate "2024.10.30"]
[SourceVersion "1"]
[SourceVersionDate "2024.10.30"]
[SourceQuality "1"]

1. e4 d6 2. d4 Nf6 3. Nc3 Nbd7 4. Be3 e5 5. Bc4 Be7 6. h3 c6 7. a4 Qc7 8. Qd3 0-0 9. Nf3 d5 10. exd5 cxd5 11. Bxd5 Bb4 12. Ng5 h6 13. Bxf7+ Rxf7 14. Nxf7 Kxf7 15. 0-0 Bxc3 16. bxc3 e4 17. Qd2 Nb6 18. f3 Nc4 19. Qf2 exf3 20. Qxf3 Nxe3 21. Qxe3 Bd7 22. Qe5 Qc6 23. d5 Qc5+ 24. Kh1 Qe7 25. Qc7 Be8 26. Qc4 Kg8 27. d6+ Qf7 28. Qb4 Bc6 29. a5 Qh5 30. Kh2 Qe5+ 31. Qf4 Qxf4+ 32. Rxf4 Ne4 33. Rd1 Rd8 34. a6 b6 35. Re1 Nf6 36. Rc4 Rxd6 37. Re7 Bd7 38. Rc7 Kf8 39. Re1 Rc6 40. Rxa7 Rxc3 41. Ra1 Rc8 42. Rb7 Bc6 43. Rxb6 Nd7 44. Rxc6 Rxc6 45. a7 Nb6 46. Ra6 Rc7 47. Rxb6 Rxa7 48. Rc6 Ke7 49. Kg3 Rd7 50. Kf3 Rd2 51. h4 h5 52. g3 Kf7 53. Rc5 g6 54. Kf4 Rg2 55. Rc3 Kf6 56. Ke4 Ke6 57. Rc6+ Kf7 58. Kf4 Kg7 59. c4 Rf2+ 60. Ke3 Rg2 61. Kf3 Rc2 62. Rc8 Rc3+ 63. Kf4 Kf6 64. Rc6+ Kf7 65. c5 Kg7 66. Rc8 Kf6 67. c6 Rc4+ 68. Ke3 Kf5 69. c7 Kg4 70. Rg8 Rxc7 71. Rxg6+ Kh3 72. Kf4 Rf7+ 73. Kg5 Kxg3 74. Kxh5+ Kf4 75. Kh6 Kf5 76. h5 Ra7 77. Rg7 Ra1 78. Kh7 Kf6 79. h6 Rh1 80. Ra7 Rh2 81. Ra6+ Kf7 82. Ra1 Rf2 83. Rb1 Rf3 84. Rb7+ Kf8 85. Kg6 Rg3+ 86. Kf5 Kg8 87. Rg7+ Rxg7 88. hxg7 Kxg7 1/2-1/2

[Event "Berlin Radtke Memorial op"]
[Site "Berlin"]
[Date "2023.10.26"]
[Round "6"]
[White "Petersen, Marcel"]
[Black "Garbuz, Vitaliy"]
[Result "1-0"]
[WhiteElo "2043"]
[BlackElo "2164"]
[PlyCount "77"]
[EventDate "2023.10.23"]
[EventType "swiss"]
[EventRounds "9"]
[EventCountry "GER"]
[SourceTitle "CBM 216 Extra"]
[Source "ChessBase"]
[SourceDate "2023.11.30"]
[SourceVersion "1"]
[SourceVersionDate "2023.11.30"]
[SourceQuality "1"]

1. e4 c6 2. d4 d5 3. exd5 cxd5 4. Bd3 Nc6 5. c3 Qc7 6. h3 Nf6 7. Qc2 h6 8. Nf3 Bd7 9. Be3 Rc8 10. a3 e6 11. Nbd2 Bd6 12. Rc1 0-0 13. 0-0 Qb8 14. Rfe1 Nh5 15. Nf1 Nf4 16. Bxf4 Bxf4 17. Rcd1 a5 18. Qe2 Bd6 19. Bb1 b5 20. Ne5 Nxe5 21. dxe5 Bc5 22. Qd3 g6 23. Ng3 Rfd8 24. h4 Qa7 25. Rd2 h5 26. b4 Be7 27. Nxh5 Qc7 28. Qe3 Kh7 29. Qf4 Be8 30. Re3 axb4 31. axb4 Qc4 32. Nf6+ Bxf6 33. Qxf6 Qb3 34. Bc2 Qa3 35. h5 Rxc3 36. hxg6+ fxg6 37. Rxc3 Qa1+ 38. Kh2 Qxc3 39. Rd3 1-0

[Event "Berlin Radtke Memorial op"]
[Site "Berlin"]
[Date "2023.10.24"]
[Round "3"]
[White "Korchynskyi, Mykola"]
[Black "Petersen, Marcel"]
[Result "1-0"]
[WhiteElo "2152"]
[BlackElo "2043"]
[PlyCount "87"]
[EventDate "2023.10.23"]
[EventType "swiss"]
[EventRounds "9"]
[EventCountry "GER"]
[SourceTitle "CBM 216 Extra"]
[Source "ChessBase"]
[SourceDate "2023.11.30"]
[SourceVersion "1"]
[SourceVersionDate "2023.11.30"]
[SourceQuality "1"]

1. d4 Nf6 2. c4 e6 3. Nc3 Bb4 4. Qc2 d5 5. Bg5 h6 6. Bh4 c5 7. e3 cxd4 8. exd4 Nc6 9. Rd1 g5 10. Bg3 Qa5 11. a3 Bxc3+ 12. bxc3 Ne4 13. Ne2 Qxa3 14. f3 Nd6 15. Bxd6 Qxd6 16. c5 Qc7 17. Ng3 b6 18. cxb6 Qxb6 19. Rb1 Qa5 20. Bb5 Bd7 21. 0-0 Rc8 22. Bxc6 Bxc6 23. Rbc1 Bb5 24. Rf2 h5 25. f4 gxf4 26. Rxf4 Qd8 27. Re1 Qd7 28. Qf5 Kd8 29. Qe5 Rf8 30. Qg7 Kc7 31. Nxh5 a5 32. Nf6 Qd6 33. Rf2 Bd3 34. Ng4 Kb6 35. Ne5 Bf5 36. Qf6 Be4 37. c4 Qd8 38. c5+ Ka7 39. Qxd8 Rfxd8 40. Nxf7 Rf8 41. Nd6 Rb8 42. Ra2 Rb4 43. Rxa5+ Kb8 44. Rea1 1-0

[Event "Pardubice Czech op-A 32nd"]
[Site "Pardubice"]
[Date "2021.07.31"]
[Round "9"]
[White "Koziorowicz, Michal"]
[Black "Petersen, Marcel"]
[Result "1-0"]
[WhiteElo "2231"]
[BlackElo "1922"]
[PlyCount "85"]
[EventDate "2021.07.23"]
[EventType "swiss"]
[EventRounds "9"]
[EventCountry "CZE"]
[SourceTitle "CBM 203 Extra"]
[Source "ChessBase"]
[SourceDate "2021.09.30"]
[SourceVersion "1"]
[SourceVersionDate "2021.09.30"]
[SourceQuality "1"]

1. Nf3 Nf6 2. g3 e6 3. Bg2 d5 4. 0-0 Bd6 5. d3 0-0 6. Nbd2 e5 7. e4 dxe4 8. dxe4 Bg4 9. Re1 Bc5 10. h3 Bxf3 11. Qxf3 c6 12. Nc4 Qc7 13. h4 b5 14. Ne3 Bxe3 15. Bxe3 Nbd7 16. Bf1 Rfd8 17. a4 a6 18. b3 Nf8 19. h5 Ne8 20. h6 g6 21. c4 bxa4 22. Rxa4 c5 23. b4 Ne6 24. Rea1 cxb4 25. Rxb4 Nd4 26. Bxd4 Rxd4 27. Rab1 Qe7 28. Rb7 Rd7 29. Rxd7 Qxd7 30. c5 Rc8 31. Bxa6 Ra8 32. Bc4 Rc8 33. Bd5 Kf8 34. Rb7 Rc7 35. c6 Qe7 36. Kg2 f6 37. Rb8 Qd6 38. Ra8 Ke7 39. Qb3 Kf8 40. Qb8 Qe7 41. f3 f5 42. g4 f4 43. Kh3 1-0

[Event "Pardubice Czech op-A 32nd"]
[Site "Pardubice"]
[Date "2021.07.27"]
[Round "5"]
[White "Shpanko, Nadiia"]
[Black "Petersen, Marcel"]
[Result "1-0"]
[WhiteElo "2203"]
[BlackElo "1922"]
[PlyCount "87"]
[EventDate "2021.07.23"]
[EventType "swiss"]
[EventRounds "9"]
[EventCountry "CZE"]
[SourceTitle "EXT 2022"]
[Source "ChessBase"]
[SourceDate "2021.10.06"]
[SourceVersion "1"]
[SourceVersionDate "2021.10.06"]
[SourceQuality "1"]

1. e4 e5 2. Nf3 Nc6 3. Bb5 a6 4. Ba4 g6 5. 0-0 Bg7 6. c3 Nge7 7. d4 exd4 8. cxd4 b5 9. Bb3 0-0 10. Bg5 h6 11. Bh4 g5 12. Bxg5 hxg5 13. Nxg5 Bf6 14. Qh5 Bxg5 15. Qxg5+ Kh7 16. d5 Nd4 17. Qh5+ Kg8 18. d6 cxd6 19. f4 Nxb3 20. f5 f6 21. Rf3 Rf7 22. Rh3 Qb6+ 23. Kh1 Kf8 24. Qh8+ Ng8 25. Rg3 Bb7 26. axb3 Qf2 27. Nc3 Ke7 28. Nd5+ Bxd5 29. exd5 Re8 30. Rxg8 Rxg8 31. Qxg8 a5 32. h3 Rf8 33. Qg7+ Rf7 34. Qg6 Rf8 35. Rb1 b4 36. Qg7+ Rf7 37. Qh6 Rf8 38. Rc1 Rf7 39. Kh2 Qxf5 40. Re1+ Kd8 41. Qh8+ Kc7 42. Rc1+ Kb6 43. Qb8+ Ka6 44. Qxd6+ 1-0

[Event "Pardubice Czech op-A 32nd"]
[Site "Pardubice"]
[Date "2021.07.26"]
[Round "4"]
[White "Ciolek, Andreas"]
[Black "Petersen, Marcel"]
[Result "1/2-1/2"]
[WhiteElo "2247"]
[BlackElo "1922"]
[PlyCount "158"]
[EventDate "2021.07.23"]
[EventType "swiss"]
[EventRounds "9"]
[EventCountry "CZE"]
[SourceTitle "CBM 203 Extra"]
[Source "ChessBase"]
[SourceDate "2021.09.30"]
[SourceVersion "1"]
[SourceVersionDate "2021.09.30"]
[SourceQuality "1"]

1. e4 c5 2. Nc3 d6 3. d4 cxd4 4. Qxd4 Nc6 5. Qd2 Nf6 6. b3 g6 7. Bb2 Bg7 8. 0-0-0 Bd7 9. Nd5 Nh5 10. Be2 Bxb2+ 11. Kxb2 Ng7 12. h4 h5 13. Nf3 Rc8 14. Ng5 Ne6 15. g4 Qa5 16. Qxa5 Nxa5 17. gxh5 gxh5 18. Nxe6 Bxe6 19. Nf4 Bg4 20. Bxg4 hxg4 21. Rdg1 Nc6 22. Rxg4 Rh7 23. Rg8+ Kd7 24. Rxc8 Kxc8 25. Nd5 Rh5 26. Kc3 Kd8 27. Nf4 Rh6 28. Kd2 Nd4 29. Ng2 Rg6 30. Ne1 Ke8 31. c3 Nc6 32. h5 Rh6 33. f4 Nb8 34. Nf3 Nd7 35. e5 dxe5 36. fxe5 e6 37. Ke3 f6 38. Kf4 Kf7 39. exf6 Nxf6 40. Kg5 Kg7 41. Rh4 Nh7+ 42. Kf4 Nf6 43. Ke5 Kf7 44. Kd6 Ke8 45. Kxe6 Nxh5+ 46. Ke5 Rc6 47. c4 Nf6 48. Nd4 Ra6 49. a4 Nd7+ 50. Kd5 Nf6+ 51. Kc5 Nd7+ 52. Kb4 Rb6+ 53. Nb5 a6 54. a5 Rf6 55. Nc7+ Kd8 56. Nd5 Rf8 57. Rh7 Kc8 58. Kc3 Rd8 59. b4 Kb8 60. Kd4 Ka7 61. Re7 Nb8 62. b5 axb5 63. cxb5 Nd7 64. Re3 Rh8 65. Re7 Rh4+ 66. Kc3 Rh3+ 67. Ne3 Nf6 68. Kd4 Rh4+ 69. Kd3 Rh5 70. Kc4 Rh4+ 71. Kb3 Re4 72. Rxe4 Nxe4 73. Kc4 b6 74. a6 Nc5 75. Kd5 Nxa6 76. Kc6 Nc5 77. Nd5 Nb3 78. Nxb6 Nd4+ 79. Kc5 Nxb5 1/2-1/2

[Event "Pardubice Czech op-A 32nd"]
[Site "Pardubice"]
[Date "2021.07.25"]
[Round "3"]
[White "Petersen, Marcel"]
[Black "Hesse, Henrik"]
[Result "1/2-1/2"]
[WhiteElo "1922"]
[BlackElo "2225"]
[PlyCount "27"]
[EventDate "2021.07.23"]
[EventType "swiss"]
[EventRounds "9"]
[EventCountry "CZE"]
[SourceTitle "CBM 203 Extra"]
[Source "ChessBase"]
[SourceDate "2021.09.30"]
[SourceVersion "1"]
[SourceVersionDate "2021.09.30"]
[SourceQuality "1"]

1. e4 Nf6 2. e5 Nd5 3. Nc3 Nb6 4. d4 d6 5. exd6 cxd6 6. Nf3 g6 7. Be3 Bg7 8. Be2 Bf5 9. Qd2 h5 10. 0-0 0-0 11. Bh6 N8d7 12. Bxg7 Kxg7 13. Nh4 e6 14. Nxf5+ 1/2-1/2

[Event "GER-chT U16"]
[Site "Neumarkt in der Oberpfalz"]
[Date "2016.12.28"]
[Round "4.4"]
[White "Bruell, Elias"]
[Black "Petersen, Marcel"]
[Result "1/2-1/2"]
[WhiteElo "1551"]
[BlackElo "1775"]
[PlyCount "95"]
[EventDate "2016.12.27"]
[EventType "team-swiss"]
[EventRounds "7"]
[EventCountry "GER"]
[SourceTitle "EXT 2018"]
[Source "ChessBase"]
[SourceDate "2017.10.13"]
[SourceVersion "1"]
[SourceVersionDate "2017.10.13"]
[SourceQuality "1"]
[WhiteTeam "Regensburg Bavaria"]
[BlackTeam "Berlin Mattnetz"]
[WhiteTeamCountry "GER"]
[BlackTeamCountry "GER"]

1. e4 c5 2. Nf3 d6 3. d4 cxd4 4. Nxd4 Nf6 5. Nc3 g6 6. Be3 Bg7 7. f3 0-0 8. Bc4 Bd7 9. Qd2 h5 10. 0-0-0 Nc6 11. Kb1 a6 12. h4 Ne5 13. Bb3 b5 14. Rdg1 Rc8 15. Bh6 Nc4 16. Bxc4 Rxc4 17. Bxg7 Kxg7 18. g4 Rh8 19. gxh5 Rxh5 20. Rg5 Rc5 21. Nd5 Nxd5 22. Rxd5 Rcxd5 23. exd5 Rxd5 24. h5 Qh8 25. h6+ Kh7 26. Qf4 Qf6 27. Qxf6 exf6 28. Ne2 Rh5 29. Rd1 Bc6 30. Rxd6 Bxf3 31. Nc1 a5 32. Rxf6 Bd5 33. b3 Kxh6 34. Nd3 Kg5 35. Ra6 Be4 36. Rxa5 Bxd3 37. cxd3 Kf4 38. Kc2 b4 39. Ra4 Rb5 40. a3 g5 41. Rxb4+ Rxb4 42. axb4 Ke5 43. Kd2 Kd4 44. Ke2 g4 45. Kf2 f5 46. Kg3 Kd5 47. Kf4 Kc6 48. d4 1/2-1/2

[Event "GER-chT U16"]
[Site "Neumarkt in der Oberpfalz"]
[Date "2016.12.28"]
[Round "3.4"]
[White "Petersen, Marcel"]
[Black "Knuepfer, Tim"]
[Result "0-1"]
[WhiteElo "1775"]
[BlackElo "1606"]
[PlyCount "90"]
[EventDate "2016.12.27"]
[EventType "team-swiss"]
[EventRounds "7"]
[EventCountry "GER"]
[SourceTitle "EXT 2018"]
[Source "ChessBase"]
[SourceDate "2017.10.13"]
[SourceVersion "1"]
[SourceVersionDate "2017.10.13"]
[SourceQuality "1"]
[WhiteTeam "Berlin Mattnetz"]
[BlackTeam "Leipzig SG"]
[WhiteTeamCountry "GER"]
[BlackTeamCountry "GER"]

1. e4 c5 2. Nf3 d6 3. d4 cxd4 4. Nxd4 Nf6 5. Nc3 g6 6. Be3 Bg7 7. Bc4 0-0 8. Bb3 Nc6 9. f3 Bd7 10. Qd2 Rb8 11. Nxc6 bxc6 12. Bxa7 Ra8 13. Be3 Qc7 14. Bh6 c5 15. Bxg7 Kxg7 16. Nd5 Nxd5 17. Bxd5 Ra7 18. g4 Bb5 19. h4 e6 20. Qc3+ Kg8 21. Bc4 Bxc4 22. Qxc4 d5 23. Qe2 Rb8 24. c3 dxe4 25. fxe4 Qg3+ 26. Kf1 Rab7 27. Rb1 Rd7 28. Rh2 Rbd8 29. Ra1 Rd3 30. g5 Re3 31. Qg2 Qf4+ 32. Kg1 Rg3 33. Rf1 Rxg2+ 34. Rxg2 Qxe4 35. a3 Qe3+ 36. Kh2 Rd2 37. Rfg1 Rd3 38. Rg3 Qf2+ 39. R1g2 Qf4 40. Kh3 c4 41. b4 Rxg3+ 42. Rxg3 e5 43. a4 e4 44. Kg2 e3 45. Rf3 Qe4 0-1

[Event "GER-chT U16"]
[Site "Lingen"]
[Date "2015.12.28"]
[Round "4.4"]
[White "Knuepfer, Tim"]
[Black "Petersen, Marcel"]
[Result "1-0"]
[WhiteElo "1592"]
[BlackElo "1632"]
[PlyCount "59"]
[EventDate "2015.12.27"]
[EventType "team-swiss"]
[EventRounds "7"]
[EventCountry "GER"]
[SourceTitle "EXT 2017"]
[Source "ChessBase"]
[SourceDate "2016.10.25"]
[SourceVersion "1"]
[SourceVersionDate "2016.10.25"]
[SourceQuality "1"]
[WhiteTeam "Leipzig SG"]
[BlackTeam "Berlin Mattnetz"]
[WhiteTeamCountry "GER"]
[BlackTeamCountry "GER"]

1. e4 e5 2. Nf3 Nc6 3. Bc4 Bc5 4. b4 Bb6 5. a4 a5 6. b5 Nce7 7. Nxe5 d5 8. exd5 Nxd5 9. 0-0 Ngf6 10. Ba3 Be6 11. c3 Nf4 12. Bxe6 Nxe6 13. d4 Qd5 14. Nd2 Nxd4 15. cxd4 Bxd4 16. Nef3 Bxa1 17. Re1+ Kd8 18. Qxa1 Re8 19. Rc1 Kd7 20. Nf1 Kc8 21. Ne3 Qe6 22. Qc3 Qd7 23. Ne5 Ne4 24. Qb2 Qe6 25. N5c4 f6 26. Qc2 Kb8 27. Nd2 Ka7 28. Nxe4 Qxe4 29. Qxc7 Qe6 30. Bc5+ 1-0

[Event "GER-chT North U14"]
[Site "Magdeburg"]
[Date "2014.09.11"]
[Round "1.2"]
[White "Petersen, Marcel"]
[Black "Weihrauch, Jakob"]
[Result "1/2-1/2"]
[WhiteElo "1668"]
[BlackElo "1475"]
[PlyCount "133"]
[EventDate "2014.09.11"]
[EventType "team-swiss"]
[EventRounds "7"]
[EventCountry "GER"]
[SourceTitle "EXT 2016"]
[Source "ChessBase"]
[SourceDate "2015.10.08"]
[SourceVersion "1"]
[SourceVersionDate "2015.10.08"]
[SourceQuality "1"]
[WhiteTeam "Treptow"]
[BlackTeam "Hamburg"]
[WhiteTeamCountry "GER"]
[BlackTeamCountry "GER"]

1. e4 c5 2. Nf3 d6 3. d4 cxd4 4. Nxd4 Nf6 5. Nc3 a6 6. Be3 e5 7. Nf3 Be7 8. Bc4 Be6 9. Bb3 0-0 10. Qd2 Qc7 11. Bg5 Nbd7 12. 0-0 Rac8 13. Rac1 Rfd8 14. Rfe1 Nb6 15. Bxf6 Bxf6 16. Nd5 Nxd5 17. Bxd5 Bxd5 18. Qxd5 Qc6 19. c4 b6 20. h3 Qa4 21. a3 Rc5 22. Qd3 Be7 23. Red1 Rdc8 24. b3 Qc6 25. Rd2 b5 26. Rdc2 Qc7 27. Nh2 Bg5 28. Rd1 Qb7 29. Nf1 R5c6 30. Ne3 Bxe3 31. fxe3 Qc7 32. Rdc1 Rc5 33. Rd1 Rc6 34. Rcd2 bxc4 35. bxc4 Rd8 36. Qc3 h6 37. Rc2 Rc8 38. Rdc1 Qd8 39. Qb3 Rb8 40. Qa2 Qb6 41. Rc3 Qb2 42. R3c2 Qxa2 43. Rxa2 Rb3 44. Kf2 Kf8 45. Ke2 Ke7 46. Kd2 Rc5 47. Rc3 Rb6 48. Kc2 Rc7 49. Rb2 Rxb2+ 50. Kxb2 Rb7+ 51. Rb3 Rxb3+ 52. Kxb3 Kd7 53. Kb4 Kc6 54. Ka5 Kb7 55. g4 g5 56. a4 f6 57. Kb4 Kb6 58. a5+ Kc6 59. Kb3 Kc5 60. Kc3 Kc6 61. Kb4 Kb7 62. c5 dxc5+ 63. Kxc5 Kc7 64. Kb4 Kd6 65. Kc4 Kc6 66. Kb4 Kd6 67. Kc4 1/2-1/2